Регионална библиотека "Любен Каравелов" - Русе

Живот сред звезди (Запис номер 181005)

MARC детайли
000 -Лидер
Контролно поле с фиксирана дължина 01622nam a2200409 c 4500
003 - Код на организацията, давaща контролен номер
Контролно поле BLK
005 - Дата и час на последна редакция
Контролно поле 20241023110504.0
008 - Елементи от данни с фиксирана дължина
fixed length control field 180411b bul|||||r ||||||| ||bul||
010 ## - Наследен системен номер
LC control number KNG00189897000
040 ## - Източник на каталожния запис
Идентификатор на билиотеката - собственик на записа BLK
041 ## - Код за език
Код за езика на текст/звукозапис или на отделно заглавие Български
Код за езика КДБФ Български
080 ## - УДК
Текстов определител УДК Френска литература
УДК код - определител по УДК 821.133.1
УДК определител -312.6
УДК - код + определител 821.133.1-312.6
080 ## - УДК
Текстов определител УДК Киноактьори
УДК код - определител по УДК 791.44.071.2
УДК определител (44)(092)(093.3)
УДК - код + определител 791.44.071.2(44)(092)(093.3)
080 ## - УДК
Текстов определител УДК Биографии
УДК код - определител по УДК 929
УДК определител (44)
УДК - код + определител 929(44)
100 1# - Редна дума - Автор
Автор Вадим, Роже
Авторска отговорност първи автор
R(LIN) 342407
139 ## - Редно поле
Редна дума Вадим, Роже
Авторски знак Ваг - В 13
245 10 - Сведения за заглавието
Заглавие Живот сред звезди
Подзаглавни данни Спомени
Редно поле (дума) Роже Вадим; прев. от фр. Александър Ганов; * Бриджит Бардо; * Катрин Деньов; * Джейн Фонда.
257 ## - Страна на издаване
Страна на създаване/издаване Франция
260 ## - Област на издателските данни
-- София
Име на издателя, разпространителя и проч. Библ. 48
Година на издаване 1991
300 ## - Физическа характеристика
Страници 256 с.
Размери/Мащаб 20 см
380 ## - Жанр
Жанр Худож. лит.
490 1# - СЕРИИ (Колекции)
Име на серия Библиотека 48
№: серия Кн. 4
650 #4 - Допълнително описание по предмет – тема
Основно описание – тема или топоним Киноартисти, френски
9 (RLIN) 245286
650 #4 - Допълнително описание по предмет – тема
Основно описание – тема или топоним Кино, френско
9 (RLIN) 283567
653 ## - Ключова дума – ненормативна
Ключова дума кино
653 ## - Ключова дума – ненормативна
Ключова дума киноартисти
700 1# - Други автори (авторска отговорност)
Лично име Ганов, Александър
Автороска отговорност (Описва отношението между автора и произведението) прев. от фр.
9 (RLIN) 246186
700 1# - Други автори (авторска отговорност)
Лично име Бардо, Бриджит
Автороска отговорност (Описва отношението между автора и произведението) *
9 (RLIN) 374945
700 1# - Други автори (авторска отговорност)
Лично име Деньов, Катрин
Автороска отговорност (Описва отношението между автора и произведението) *
9 (RLIN) 60064
700 1# - Други автори (авторска отговорност)
Лично име Фонда, Джейн
Автороска отговорност (Описва отношението между автора и произведението) *
9 (RLIN) 134612
852 ## - Местоположение
Форматна сигнатура Цб 166595
856 4# - Електронен адрес и достъп
Електронен формат pdf - файл
Път до файла /url/
856 4# - Електронен адрес и достъп
Електронен формат pdf - файл
Път до файла /url/
942 ## - АРТИКУЛИ
Вид на библиотечния материал Книги
Скрит в OPAC Не
Koha issues (borrowed), all copies 6
944 ## - СЪЗДАВАНЕ И РЕДАКЦИЯ на ЗАПИСА
Създаване/Редакция Създаване
Дата на регистрацията/редакция 19.08.2016
Служител, извършил регистрацията/редакцията 30531
Статус, дата на статуса Цветелина Шанова
944 ## - СЪЗДАВАНЕ И РЕДАКЦИЯ на ЗАПИСА
Създаване/Редакция Редакция
Дата на регистрацията/редакция 19.08.2016
Служител, извършил регистрацията/редакцията Теодора_Стоянова
999 ## - СИСТЕМНИ КОНТРОЛНИ НОМЕРА
Koha biblionumber 181005
Koha biblioitemnumber 181005
Наличности
Код за отписване Код за изгубен артикул Източник на класификационната схема Код за повреда Коз за рестрикции Код за отдаване Артикулен № Име на библиотеката - собственик Име на библиотеката, в която се намира в момента Статус (Текущо местоположение) Дата на вписване в системата Местоположение - отдел Цена в лева Инвентарен номер Систематично азбучна сигнатура Баркод Номер на екземпляра Цена в евро Служебна бележка Служебен тип на артикула
  Не е изгубен Universal Decimal Classification Не е повреден без рестрикции ползва се в читалня 309962 Регионална библиотека "Любен Каравелов" Русе Регионална библиотека "Любен Каравелов" Русе Хранилище 1991-01-01 Хранилище 15.00 561059 Цб 166595 120000561059 1 7.67 Вид: Сф Дата: 01.01.1991 Книги
  Не е изгубен Universal Decimal Classification Не е повреден без рестрикции заемане за дома 309963 Регионална библиотека "Любен Каравелов" Русе Регионална библиотека "Любен Каравелов" Русе Заемна - подръчен фонд 1991-01-01 Заемна - подръчен фонд 15.00 550043 П 840-31/В 13 120000550043 2 7.67 Вид: Сф Дата: 01.01.1991 Книги
Изтеглен Не е изгубен Universal Decimal Classification Не е повреден без рестрикции заемане за дома 309964 Регионална библиотека "Любен Каравелов" Русе Регионална библиотека "Любен Каравелов" Русе Заемна - подръчен фонд 1991-01-01 Заемна - подръчен фонд 15.00 559651 П 840-31/В 13 559651 3 7.67 Вид: Сф Дата: 01.01.1991 Книги
Изтеглен Не е изгубен Universal Decimal Classification Не е повреден без рестрикции заемане за дома 309965 Регионална библиотека "Любен Каравелов" Русе Регионална библиотека "Любен Каравелов" Русе Заемна - подръчен фонд 1991-01-01 Заемна - подръчен фонд 15.00 559652 П 840-31/В 13 559652 4 7.67 Вид: Сф Дата: 01.01.1991 Книги
Изтеглен Не е изгубен Universal Decimal Classification Не е повреден без рестрикции заемане за дома 309966 Регионална библиотека "Любен Каравелов" Русе Регионална библиотека "Любен Каравелов" Русе Заемна - подръчен фонд 1991-01-01 Заемна - подръчен фонд 15.00 559654 П 840-31/В 13 559654 5 7.67 Вид: Сф Дата: 01.01.1991 Книги
Изтеглен Не е изгубен Universal Decimal Classification Не е повреден без рестрикции заемане за дома 309967 Регионална библиотека "Любен Каравелов" Русе Регионална библиотека "Любен Каравелов" Русе Заемна - подръчен фонд 1991-01-01 Заемна - подръчен фонд 15.00 559655 П 840-31/В 13 559655 6 7.67 Вид: Сф Дата: 01.01.1991 Книги
Изтеглен Не е изгубен Universal Decimal Classification Не е повреден без рестрикции заемане за дома 309968 Регионална библиотека "Любен Каравелов" Русе Регионална библиотека "Любен Каравелов" Русе Заемна - подръчен фонд 1991-01-01 Заемна - подръчен фонд 15.00 559656 П 840-31/В 13 559656 7 7.67 Вид: Сф Дата: 01.01.1991 Книги
Изтеглен Не е изгубен Universal Decimal Classification Не е повреден без рестрикции заемане за дома 309969 Регионална библиотека "Любен Каравелов" Русе Регионална библиотека "Любен Каравелов" Русе Заемна - подръчен фонд 1991-01-01 Заемна - подръчен фонд 15.00 559657 П 840-31/В 13 559657 8 7.67 Вид: Сф Дата: 01.01.1991 Книги
Vip Innovations Ltd, Rousse, Bulgaria 2025